• 首页
  • 本馆介绍
  • 公告通知
  • 最新文献
  • 馆藏检索
  • 电子资源
  • 读者导购
  • 参考咨询
  • 我的图书馆
  • 登录
  • 详细信息显示
  • 放入我的书架
  • 预约/预借图书
  • 作者相关作品
  • 分类相关作品
  • 丛书相关作品
  • 出版社相关作品

书目信息

  • 表格格式
  • 工作单格式
  • 卡片格式
题名:
全英文面试攻略大全
    
 
作者: 李智允 主编
分册:  
出版信息: 上海   上海社会科学院出版社  2017
页数: 291页
开本: 24cm
丛书名:
单 册:
中图分类: H319.9 , G624.316
科图分类:
主题词: 职业选择--英语--口语--自学参考资料 , 教育--各级
电子资源:
ISBN: 978-7-5520-1544-7
000 01127nam0 2200253 450
001 34
005 20180920164032.96
010    @a978-7-5520-1544-7@dCNY49.80
100    @a20170802d2017 em y0chiy50 ea
101 0  @achi@aeng
102    @aCN@b310000
105    @aa z 000yy
200 1  @a全英文面试攻略大全@9quan ying wen mian shi gong lue da quan@e求职英语口语、商务礼仪与会话@f(韩)李智允主编
210    @a上海@c上海社会科学院出版社@d2017
215    @a291页@c图@d24cm
330    @a本书主要针对英语求职的各种问题,提供相应的解决方法。全书提供了面试所需的不同句型以及与各种表达相关的小提示。另外,还介绍了英语面试需要的表达技巧、面试礼节以及战略性作答技巧。本书提供的句型不仅仅适用于面试,在日常会话和商务会话中也是使用率很高的句型,在准备英语面试的过程中还能学到将来就业后所需的商务英语。
517 1  @a求职英语口语、商务礼仪与会话@9qiu zhi ying yu kou yu、shang wu li yi yu hui hua
606 0  @a职业选择@x英语@x口语@j自学参考资料
606 0  @a教育@x各级
690    @aH319.9@v5
690    @aG624.316@v4
701  0 @c(韩)@a李智允@9li zhi yun@4主编
801  0 @aCN@b91MARC@c20170802
905    @aMuseLib@dG624.316@e655
    
    全英文面试攻略大全:求职英语口语、商务礼仪与会话/(韩)李智允主编.-上海:上海社会科学院出版社,2017
    291页:图;24cm
    
    
    ISBN 978-7-5520-1544-7:CNY49.80
    本书主要针对英语求职的各种问题,提供相应的解决方法。全书提供了面试所需的不同句型以及与各种表达相关的小提示。另外,还介绍了英语面试需要的表达技巧、面试礼节以及战略性作答技巧。本书提供的句型不仅仅适用于面试,在日常会话和商务会话中也是使用率很高的句型,在准备英语面试的过程中还能学到将来就业后所需的商务英语。
●
相关链接 在E读中查询图书 在五车中查询图书 在当当中查询图书 在豆瓣中查询图书


正题名:全英文面试攻略大全     索取号:G624.316/655         预约/预借

序号 登录号 条形码 馆藏地/架位号 状态 备注
1 1117909   211179099   第一样本阅览室/ [索取号:G624.316/655] 在馆    
2 1117910   211179106   第四借阅区/ [索取号:G624.316/655] 在馆    
3 1117911   211179115   第四借阅区/ [索取号:G624.316/655] 在馆    
4 1117912   211179124   第四借阅区/ [索取号:G624.316/655] 在馆    
5 1117913   211179133   第四借阅区/ [索取号:G624.316/655] 在馆    
唐山师范学院图书馆 欢迎您!
大连网信软件有限公司© 版权所有